<?xml version="1.0" encoding="UTF-8"?>
<record
    xmlns:xsi="http://www.w3.org/2001/XMLSchema-instance"
    xsi:schemaLocation="http://www.loc.gov/MARC21/slim http://www.loc.gov/standards/marcxml/schema/MARC21slim.xsd"
    xmlns="http://www.loc.gov/MARC21/slim">

  <leader>01644nam a22001577a 4500</leader>
  <datafield tag="999" ind1=" " ind2=" ">
    <subfield code="c">528046</subfield>
    <subfield code="d">528046</subfield>
  </datafield>
  <controlfield tag="008">241105b           ||||| |||| 00| 0 eng d</controlfield>
  <datafield tag="100" ind1=" " ind2=" ">
    <subfield code="a">Puig, Luisa Godinez </subfield>
    <subfield code="9">59421</subfield>
  </datafield>
  <datafield tag="245" ind1=" " ind2=" ">
    <subfield code="a">White fortressing: How racial threat and conservatism lead to the formation of local governments</subfield>
  </datafield>
  <datafield tag="260" ind1=" " ind2=" ">
    <subfield code="a">Urban Affairs Review  </subfield>
  </datafield>
  <datafield tag="300" ind1=" " ind2=" ">
    <subfield code="a">60(1), Jan, 2024: p.16-48</subfield>
  </datafield>
  <datafield tag="520" ind1=" " ind2=" ">
    <subfield code="a">A large body of research has shown that American politics have been highly influenced by conservative movements born in American White suburbia. Yet, suburbs are also moving left and becoming more diversified. I argue that this context has led to new cityhood movements in unincorporated areas of some regions of the US. By forming cities, unincorporated communities detach themselves from shared county-level authorities and the wider populations served in these jurisdictions. What triggers municipal incorporations today and how are recent incorporation movements different from those of the postwar era? To answer these questions, I conduct fieldwork in Georgia. I find that municipal incorporations are a modern type of segregation triggered by sentiments of racial threat and conservatism, which I call White fortressing. I update the study of government formation by analyzing a new wave of municipal incorporations and contribute to the literature works on White flight, racial threat, and residential segregation.- Reproduced 

https://journals.sagepub.com/doi/full/10.1177/10780874231197996
</subfield>
  </datafield>
  <datafield tag="650" ind1=" " ind2=" ">
    <subfield code="a">Municipal incarnations, Racial segregation, Racial threat. </subfield>
    <subfield code="9">48572</subfield>
  </datafield>
  <datafield tag="773" ind1=" " ind2=" ">
    <subfield code="a">Urban Affairs Review  </subfield>
  </datafield>
  <datafield tag="906" ind1=" " ind2=" ">
    <subfield code="a">URBAN DEVELOPMENT</subfield>
  </datafield>
  <datafield tag="942" ind1=" " ind2=" ">
    <subfield code="c">AR</subfield>
  </datafield>
  <datafield tag="952" ind1=" " ind2=" ">
    <subfield code="0">0</subfield>
    <subfield code="1">0</subfield>
    <subfield code="2">ddc</subfield>
    <subfield code="4">0</subfield>
    <subfield code="7">0</subfield>
    <subfield code="9">403125</subfield>
    <subfield code="a">IIPA</subfield>
    <subfield code="b">IIPA</subfield>
    <subfield code="d">2024-11-05</subfield>
    <subfield code="h">60(1), Jan, 2024: p.16-48</subfield>
    <subfield code="p">AR133474</subfield>
    <subfield code="r">2024-11-05</subfield>
    <subfield code="y">AR</subfield>
  </datafield>
</record>
